Reálne investície bakalárska práca

Guardado en:
Detalles Bibliográficos
Autor principal: Kopasová, Veronika
Autor Corporativo: Národohospodárska fakulta EU. Katedra bankovníctva a medzinárodných financií
Otros Autores: Chorvatovič, Martin
Formato: Libro
Lenguaje:eslovaco
Publicado: Bratislava 2009
Etiquetas: Agregar Etiqueta
Sin Etiquetas, Sea el primero en etiquetar este registro!

MARC

LEADER 00000nam$a2200000$$$4500
001 0100168
005 20240319123349.7
041 0 |a slo 
044 |a SK 
245 1 0 |a Reálne investície  |b bakalárska práca  |c Veronika Kopasová ; škol. Martin Chorvatovič 
264 1 |a Bratislava  |c 2009 
300 |a 40 s. 
100 1 |a Kopasová, Veronika 
700 1 |a Chorvatovič, Martin 
710 2 |a Národohospodárska fakulta EU. Katedra bankovníctva a medzinárodných financií